Normal view
MARC view
Entry Término temático
001 - NÚMERO DE CONTROL
- campo de control: 57637
003 - IDENTIFICADOR DEL NÚMERO DE CONTROL
- campo de control: OSt
005 - FECHA Y HORA DE LA ÚLTIMA TRANSACCIÓN
- campo de control: 20200615034911.0
008 - DATOS DE LONGITUD FIJA
- campo de control de longitud fija: 200615|| aca||aabn | a|a d
040 ## - FUENTE DE LA CATALOGACIÓN
- Centro catalogador/agencia de origen: OSt
- Centro/agencia transcriptor: OSt
150 ## - ENCABEZAMIENTO--TÉRMINO DE MATERIA
- Término de materia o nombre geográfico como elemento de entrada: ARQUITECTURA LATINOAMERICANA
- Subdivisión general: CONGRESOS, CONFERENCIAS, ETC
670 ## - FUENTE DE DATOS ENCONTRADOS
- Cita de la fuente: Work cat.: (OSt)30652: Seminario Erwin Walter Palm de arquitectura y urbanismo de América Latina y el Caribe (3º: 1997: Santo Domingo, República Dominicana) 57636, Erwin Walter Palm en entorno al entorno común :, 1997.
